000
00300nam a2200121Ia 4500
008
220204s9999 xx 000 0 und d
082
_a
576.6
_b
JEO
100
_a
Jeon, Kwang W
245
0
_a
Intercellular symbiosis
260
_a
New York
_b
Academic
_c
1983
650
_a
Cellular symbiosis
942
_c
BK
999
_c
38535
_d
38535